Top 250 Most Popular Chain Restaurants - Statistics

General Stats
  • This quiz has been taken 560 times
  • The average score is 39 of 250
Answer Stats
Rank Chain % Correct
1 McDonald's
98%
5 Burger King
94%
7 Wendy's
90%
6 Subway
86%
14 KFC
85%
4 Taco Bell
83%
2 Starbucks
82%
9 Domino's
80%
11 Pizza Hut
80%
8 Dunkin' Donuts
78%
3 Chick-fil-A
76%
28 Papa John's
69%
15 Olive Garden
67%
12 Chipotle Mexican Grill
66%
18 Arby's
64%
17 Panda Express
63%
21 Dairy Queen
62%
43 Carl's Jr.
61%
35 Hardee's
61%
20 Little Caesars
60%
16 Applebee's
59%
13 Sonic Drive-In
53%
76 White Castle
53%
40 Five Guys Burgers and Fries
52%
30 Whataburger
52%
31 Red Lobster
50%
55 Krispy Kreme
49%
25 IHOP
48%
24 Jack in the Box
48%
23 Chili's Grill & Bar
47%
29 Outback Steakhouse
47%
73 Baskin-Robbins
46%
27 Denny's
46%
34 Jimmy John's Gourmet Sandwiches
45%
10 Panera Bread
41%
26 Texas Roadhouse
41%
57 Del Taco
40%
71 Shake Shack
39%
36 Zaxby's
39%
38 Culver's
38%
41 Red Robin Gourmet Burgers and Brews
38%
45 Waffle House
38%
22 Buffalo Wild Wings
37%
107 Long John Silver's
36%
58 Firehouse Subs
35%
49 TGI Fridays
35%
33 The Cheesecake Factory
35%
66 Tim Hortons
34%
32 Cracker Barrel
33%
47 Bojangles'
31%
60 Moe's Southwest Grill
31%
51 Steak 'n Shake
31%
65 Church's Chicken
30%
39 Golden Corral
30%
50 In-N-Out Burger
30%
163 Sbarro
30%
44 Wingstop
30%
52 P.F. Chang's
28%
62 Ruby Tuesday
27%
90 Boston Market
26%
56 Hooters
26%
81 Auntie Anne's
25%
37 LongHorn Steakhouse
24%
72 California Pizza Kitchen
21%
70 Marco's Pizza
21%
54 El Pollo Loco
20%
88 Jamba
20%
171 Cinnabon
18%
106 Cicis
17%
46 Jersey Mike's Subs
15%
59 Bob Evans
14%
112 Cold Stone Creamery
14%
181 Hard Rock Cafe
14%
94 Smoothie King
14%
75 Bonefish Grill
13%
168 Friendly's
13%
103 O'Charley's
13%
19 Popeyes Louisiana Kitchen
13%
109 Chuck E. Cheese's
12%
78 Dave & Buster's
12%
84 Freddy's Frozen Custard & Steakburgers
12%
86 Noodles & Company
12%
77 Tropical Smoothie Cafe
12%
183 Fuddruckers
11%
69 Jason's Deli
11%
250 Jollibee
11%
63 McAlister's Deli
11%
147 Smashburger
11%
121 Big Boy/Frisch's Big Boy
10%
182 Johnny Rockets
10%
246 Rainforest Cafe
10%
110 Taco John's
10%
157 Fazoli's
9%
119 Benihana
8%
42 Raising Cane's Chicken Fingers
8%
67 Ruth's Chris Steak House
8%
149 Sizzler
8%
87 Einstein Bros. Bagels
7%
125 Jet's Pizza
7%
205 Joe's Crab Shack
7%
92 Logan's Roadhouse
7%
89 Portillo's
7%
185 Sweetgreen
7%
113 Blaze Pizza
6%
126 Famous Dave's
6%
82 First Watch
6%
134 Jack's
6%
93 MOD Pizza
6%
53 Qdoba Mexican Eats
6%
192 Shoney's
6%
74 Yard House
6%
68 Carrabba's Italian Grill
5%
64 Cheddar's Scratch Kitchen
5%
102 Chuy's
5%
128 Fogo de Chao
5%
100 Hungry Howie's Pizza
5%
95 Mellow Mushroom
5%
231 Old Country Buffet/HomeTown Buffet
5%
104 Pollo Tropical
5%
97 Round Table Pizza
5%
96 The Capital Grille
5%
123 Twin Peaks
5%
195 Wetzel's Pretzels
5%
175 Which Wich
5%
188 Bubba Gump Shrimp Co.
4%
234 BurgerFi
4%
133 Caribou Coffee
4%
79 Dutch Bros. Coffee
4%
154 Huddle House
4%
61 Papa Murphy's Pizza
4%
114 Peet's Coffee
4%
141 Pizza Ranch
4%
152 Pret A Manger
4%
164 Romano's Macaroni Grill
4%
193 Taco Bueno
4%
131 Taco Cabana
4%
200 Beef 'O' Brady's
3%
180 Buca di Beppo
3%
215 Chicken Salad Chick
3%
217 Eat'n Park
3%
153 Godfather's Pizza
3%
174 Luby's
3%
105 Maggiano's Little Italy
3%
233 Nobu
3%
83 Perkins Restaurant & Bakery
3%
178 Sonny's BBQ
3%
91 The Habit Burger Grill
3%
130 Village Inn
3%
148 Wienerschnitzel
3%
238 Yogurtland
3%
116 Zoes Kitchen
3%
135 Au Bon Pain
2%
48 BJ's Restaurant & Brewhouse
2%
80 Captain D's Seafood Kitchen
2%
101 Charleys Philly Steaks
2%
191 Donatos Pizza
2%
186 Golden Chick
2%
118 Krystal Co.
2%
159 Legal Sea Foods
2%
221 Menchie's Frozen Yogurt
2%
98 Miller's Ale House
2%
235 Mission BBQ
2%
229 Pollo Campero
2%
99 Potbelly Sandwich Shop
2%
207 Roosters
2%
124 Schlotzsky's
2%
150 Seasons 52
2%
160 A&W All-American Food
1%
136 Bar Louie
1%
122 Black Bear Diner
1%
143 Braum's Ice Cream & Dairy Stores
1%
165 Brio Tuscan Grille
1%
222 Bruegger's Bagels
1%
145 Cafe Rio Mexican Grill
1%
85 Checkers Drive-In Restaurants
1%
194 Claim Jumper
1%
117 Corner Bakery Cafe
1%
239 Daylight Donuts
1%
115 Dickey's Barbecue Pit
1%
190 Farmer Boys
1%
162 Fuzzy's Taco Shop
1%
197 Giordano's
1%
245 Gyu-Kaku
1%
230 Houlihan's
1%
218 Hurricane Grill & Wings
1%
173 J. Alexander's
1%
177 Le Pain Quotidien
1%
212 McCormick & Schmick's
1%
201 Metro Diner
1%
146 Morton's The Steakhouse
1%
187 Mountain Mike's Pizza
1%
161 Newk's Eatery
1%
129 Ninety Nine Restaurants
1%
227 Ocean Prime
1%
127 On The Border Mexican Grill & Cantina
1%
216 Paris Baguette
1%
247 PDQ
1%
144 Pei Wei Asian Diner
1%
170 Penn Station East Coast Subs
1%
158 Rubio's
1%
108 Saltgrass Steak House
1%
137 Sarku Japan
1%
209 Shari's Cafe and Pies
1%
237 The Coffee Bean & Tea Leaf
1%
189 The Melting Pot
1%
219 The Old Spaghetti Factory
1%
184 The Original Pancake House
1%
223 Tijuana Flats
1%
226 Topgolf
1%
140 Torchy's Tacos
1%
156 Uncle Julio's
1%
172 Uno Pizzeria & Grill
1%
240 WaBa Grill
1%
241 54th Street Restaurant & Drafthouse
0%
214 Anthony's Coal Fired Pizza
0%
151 Bahama Breeze Island Grille
0%
242 Biggby Coffee
0%
202 Bill Miller Bar-B-Q
0%
203 Black Angus Steakhouse
0%
249 Cook-Out Restaurant
0%
120 Cooper's Hawk Winery & Restaurants
0%
243 Costa Vida Fresh Mexican Grill
0%
169 Del Frisco's Double Eagle Steak House
0%
224 Duffy's Sports Grill
0%
225 Eddie V's Prime Seafood
0%
176 Firebirds Wood Fired Grill
0%
132 Fleming's Prime Steakhouse & Wine Bar
0%
213 Grand Lux Cafe
0%
232 Great American Cookies
0%
208 Great Harvest Bread Co.
0%
198 Islands Fine Burgers & Drinks
0%
196 La Madeleine Country French Cafe
0%
206 LaRosa's Pizzeria
0%
166 Lazy Dog Restaurant & Bar
0%
210 Lee's Famous Recipe Chicken
0%
244 L&L Hawaiian Barbecue
0%
248 Lupe Tortilla
0%
155 Mastro's Restaurants
0%
199 Mimi's Bistro & Bakery
0%
138 Old Chicago Pizza & Taproom
0%
142 Pappadeaux Seafood Kitchen
0%
228 Pappasito's Cantina
0%
139 Rally's Hamburgers
0%
204 Smokey Bones Bar & Fire Grill
0%
167 Souplantation & Sweet Tomatoes
0%
220 Taziki's Mediterranean Cafe
0%
111 Texas de Brazil Churrascaria
0%
179 True Food Kitchen
0%
236 Walk-On's Sports Bistreaux
0%
211 Wayback Burgers
0%
No matching quizzes found
Score Distribution
Percent of People with Each Score
Percentile by Number Answered
Your Score History
You have not taken this quiz